1255 1847 1985 1697 1678 1873 1141 1729 1962 1351 1826 1281 1560 1121 1405 1567 1589 1697 1752 1580 1482 1889 1500 1602 1898 1110 1983 1182 1553 1250 1010 1618 1231 1173 1708 1412 1204 1814 1919 1166 1368 1541 1669 1894 1025 1180 1962 1636 1113 1176 1562 1011 1890 1471 1240 1624 1915 1960 1887 1805 1998 1949 1783 1153 1394 1717 1918 1722 1554 1614 1832 1403 1402 1329 1216 1201 1119 1174 1735 1799 1657 1084 1244 1380 2000 1592 1232 1578 1358 1924 1042 1790 1275 1064 1291 1138 1380 1522 1029 BCNSPRNW ULIB Ver.6.0+V

เปลี่ยนเป็นภาษาไทย

Change to English
 แสดงรายละเอียดบรรณานุกรม
  กลับหน้าหลัก

Brief Record : Get Marc (ISO 2709) : E-mail record : QR code < ปิดหน้าต่าง
LEADER : 00000nam 2200000uu 4500
001    13399121554
003     ULIB
008    020711s2459 th a 000 0 tha d
020    9749416119
090    นว.^bภ283อ
100    กาย เบ็ญจ์
245    ไซอิ๋ว ฉบับการ์ตูน /^cกาย เบ็ญจ์
260    กรุงเทพฯ :^bกิเลนการพิมพ์,^c2459
300    440 หน้า
945    ^p225^l0^i018639
999    ^aทศพร
รายการนี้ยังไม่มีแท็ก
คุณยังไม่ได้ล็อกอิน คุณสามารถมีกิจกรรมร่วมกับเว็บไซต์ได้ แต่ต้องล็อกอินก่อน ::
  ล็อกอิน

รายการสื่อสารสนเทศ

ลำดับที่ ประเภท เลขเรียก/บาร์โค้ด สถานที่ สถานะ
1. นวนิยาย
นวนิยาย
นว. ภ283อ ฉ.1 
  Barcode: 018639
ห้องสมุดวิทยาเขตสวรรค์ประชารักษ์
►นวนิยาย
บนชั้น
  ขอยืม

BibComment


ยังไม่เคยถูกคอมเมนท์

คอมเมนท์ทรัพยากรรายการนี้
  คอมเมนท์: ไซอิ๋ว ฉบับการ์ตู..


 Copyright 2026. Bcnsprnw @Library